| 000 | 00830cab a2200193 4500 | ||
|---|---|---|---|
| 001 | ABS44567 | ||
| 008 | 090401t1991 xxu||||| |||| 00| 0 eng d | ||
| 035 | _a(Sirsi) u47826 | ||
| 041 | _aeng | ||
| 100 | _aBooth, S. | ||
| 245 | _aKuwait: thinking of a move? | ||
| 260 | _c1991 | ||
| 350 | _a0 | ||
| 490 |
_aCivil Engineering Surveyor _v16(4) May 1991, 8-10(3) |
||
| 520 | _aTwo linked articles describe the conditions prevalent in Kuwait , for Britons who may be posted there to work on post war rebuilding projects. Details of the legal and commercial infrastructure are outlined, along with a brief history and social comment. Insurance arrangements in so far as they affect the construction industry form the content of the second section. | ||
| 690 | _aOVERSEAS-REST OF THE WORLD | ||
| 942 | _n0 | ||
| 948 | _c04/03/1997 | ||
| 999 |
_c30107 _d30107 |
||